Ultimate Garden Warfare 2 Quiz - Statistics

General Stats
  • This quiz has been taken 16 times
    14 since last reset
  • The average score is 221 of 496
Answer Stats
Hint Answer % Correct
Main Hub Backyard Battleground
100%
Plant Leader Crazy Dave
100%
Plant Bosses Giga Torchwood
100%
Trials of Gnomus Hover-Goat 3000
100%
Trials of Gnomus Torchwood
100%
Zombie Bosses Yeti
100%
Scientist Astronaut
89%
Chomper Primaries Chomp
89%
Chomper Chomper
89%
Chomper Chomp Thing
89%
Citron Citron
89%
Chomper Count Chompula
89%
Scientist Dr. Toxic
89%
Peashooter Electro Pea
89%
Engineer Engineer
89%
Peashooter Fire Pea
89%
Foot Soldier Foot Soldier
89%
Gamemodes Garden Ops
89%
Gamemodes Gardens and Graveyards
89%
Gamemodes Graveyard Ops
89%
Gamemodes Herbal Assault
89%
Peashooter Ice Pea
89%
Plant Pots Ice Shroom
89%
Foot Soldier Park Ranger
89%
Peashooter Peashooter
89%
Peashooter Plasma Pea
89%
Peashooter Rock Pea
89%
Sunflower Sunflower
89%
Zombie Leader Zomboss
89%
Peashooter Agent Pea
78%
All-Star All-Star
78%
Foot Soldier Arctic Trooper
78%
Chomper Armor Chomper
78%
Corn BBQ Corn
78%
Cactus Cactus
78%
Scientist Chemist
78%
Corn Commando Corn
78%
Peashooter Commando Pea
78%
Scientist Computer Scientist
78%
Chomper Primaries Disco Chomp
78%
Chomper Disco Chomper
78%
Rose Druid Rose
78%
Super Brainz Electro Brainz
78%
Citron Electro Citron
78%
Cactus Fire Cactus
78%
Chomper Fire Chomper
78%
Sunflower Fire Flower
78%
Rose Fire Rose
78%
Citron Frozen Citron
78%
Cactus Future Cactus
78%
Zombie Bots Gatling Bot
78%
Foot Soldier General Supremo
78%
Gamemodes Gnome Bomb
78%
All-Star Hockey Star
78%
Chomper Primaries Hot Rod Chomp
78%
Chomper Hot Rod Chomper
78%
Cactus Ice Cactus
78%
Citron Iron Citron
78%
Corn Kernel Corn
78%
Peashooter Law Pea
78%
Scientist Marine Biologist
78%
Engineer Mechanic
78%
Scientist Paleontologist
78%
Citron Party Citron
78%
Corn Party Corn
78%
Rose Party Rose
78%
Scientist Physicist
78%
Engineer Plumber
78%
Chomper Power Chomper
78%
Sunflower Power Flower
78%
Imp Pylon Imp
78%
Rose Rose
78%
Scientist Scientist
78%
Plant Bosses Super Bean
78%
Super Brainz Super Brainz
78%
Gamemodes Team Vanquish
78%
Super Brainz Toxic Brainz
78%
Citron Toxic Citron
78%
Peashooter Toxic Pea
78%
Chomper Primaries Unicorn Chomp
78%
Chomper Unicorn Chomper
78%
Chomper Yeti Chomper
78%
Scientist Zoologist
78%
Engineer AC Perry
67%
Sunflower Alien Flower
67%
Cactus Bandit Cactus
67%
Plant Bosses Big Stump
67%
Super Brainz Breakfast Brainz
67%
Captain Deadbeard Captain Cannon
67%
Captain Deadbeard Captain Deadbeard
67%
Captain Deadbeard Captain Sharkbite
67%
Foot Soldier Centurion
67%
Super Brainz Cozmic Brainz
67%
Engineer Electrician
67%
Rose Frost Rose
67%
Zombie Bosses Gargantuar
67%
All-Star Golf Star
67%
Turf Takeover Maps Great White North
67%
Zombie Bosses House Gargantuar
67%
Imp Imp
67%
Engineer Landscaper
67%
Imp Lil' Drake
67%
Sunflower Metal Petal
67%
Corn Mob Cob
67%
Turf Takeover Maps Moon Base Z
67%
Rose Nec' Rose
67%
Engineer Painter
67%
Super Brainz Party Brainz
67%
Imp Party Imp
67%
Peashooter Abilities | Plant Pots Pea Gatling
67%
Cactus Petrified Cactus
67%
Corn Pops Corn
67%
Cactus Power Cactus
67%
Engineer Roadie Z
67%
Zombie Bots Rocket Bot
67%
All-Star Rugby Star
67%
Engineer Sanitation Expert
67%
Imp Scallywag Imp
67%
Foot Soldier Scuba Soldier
67%
Turf Takeover Maps Seeds of Time
67%
Sunflower Shadow Flower
67%
Imp S.H.R.Imp
67%
Sunflower Stuffy Flower
67%
Gamemodes Suburbination
67%
Sunflower Abilities Sunbeam
67%
Sunflower Sun Pharaoh
67%
Foot Soldier Super Commando
67%
Foot Soldier Tank Commander
67%
All-Star Tennis Star
67%
Chomper Toxic Chomper
67%
Chomper Primaries Twilight Chomp
67%
Chomper Twilight Chomper
67%
Sunflower Vampire Flower
67%
Gamemodes Vanquish Confirmed
67%
Engineer Welder
67%
Imp Z7 Imp
67%
Cactus Zen Cactus
67%
Turf Takeover Maps Zomburbia
67%
Scientist Archeologist
56%
Cactus Abilities Artichoke
56%
All-Star Baseball Star
56%
Peashooter Abilities Bling Gatling
56%
Cactus Abilities Bling Maiden
56%
Multiplayer/Ops Maps Boney Island
56%
Chomper Abilities Burrow
56%
Cactus Camo Cactus
56%
Captain Deadbeard Captain Flameface
56%
Captain Deadbeard Captain Partyman
56%
Captain Deadbeard Captain Squawk
56%
Current Mystery Portal Modes Capture the Taco
56%
Old Mystery Portal Modes Cats vs Dinos
56%
Peashooter Abilities Chili Bean Bomb
56%
All-Star Cricket Star
56%
Peashooter Abilities Dark Bean Bomb
56%
Sunflower Abilities Dark Flower
56%
Cactus Abilities Dark Garlic Drone
56%
Zombie Bosses Disco Zombie
56%
Cactus Abilities Garlic Drone
56%
Gnome Bosses Gnome King
56%
All-Star Goalie Star
56%
Chomper Abilities Goop
56%
Plant Pots Goop Shroom
56%
Sunflower Abilities Heal Beam
56%
Scientist Abilities Heal Beam of Science
56%
Plant Summons Heal Weed
56%
Zombie Summons Heal Zombie
56%
Peashooter Abilities Hyper
56%
Cactus Abilities Iron Maiden
56%
Cactus Jade Cactus
56%
All-Star Moto X Star
56%
Zombie Bots Mr Toxic
56%
Sunflower Mystic Flower
56%
Peashooter Primaries | Plant Pots Pea Cannon
56%
Cactus Abilities Potato Mine
56%
Cactus Abilities Potato Nugget Mine
56%
Peashooter Abilities Retro Gatling
56%
Multiplayer/Ops Maps Sandy Sands
56%
Foot Soldier Sky Trooper
56%
Peashooter Abilities Sombrero Bean Bomb
56%
Multiplayer/Ops Maps Time Park
56%
Turf Takeover Maps Wall-Nut Hills
56%
Gamemodes Welcome Mat
56%
All-Star Wrestling Star
56%
Soldier Primaries Z-1 Assault Blaster
56%
Multiplayer/Ops Maps Zen Peak
56%
Turf Takeover Maps Zombopolis
56%
Foot Soldier Abilities ZPG
56%
Multiplayer/Ops Maps Z-Tech Factory
56%
XP Ranks Advanced
44%
Multiplayer/Ops Maps Aqua Center
44%
Scientist Abilities Armored Heal Station
44%
Plant Pots Bamboo Shoot
44%
Trials of Gnomus Abilities Blazing Blast
44%
Plant Pots Bonk Choy
44%
Old Mystery Portal Modes Boss Hunt
44%
Foot Soldier Camo Ranger
44%
Chomper Abilities Chomp Cannon
44%
Zombie Summons Conehead
44%
Plant Summons Dandelion
44%
Plant Pots Doom Shroom
44%
Citron Abilities E.M.Peach
44%
Scientist Abilities Energy Warp
44%
Peashooter Primaries Fire Pea Cannon
44%
Plant Summons Flag Weed
44%
Zombie Summons Flag Zombie
44%
Multiplayer/Ops Maps Frontline Flats
44%
Soldier Primaries Frozen Z-1 Assault Blaster
44%
All-Star Abilities Future Dummy
44%
Zombie Bosses Giga Gargantuar
44%
Soldier Primaries | Zombie Bots Golden Gatling
44%
Plant Pots | Sunflower Abilities Heal Flower
44%
Corn Abilities Husk Hop
44%
Peashooter Primaries Ice Pea Cannon
44%
All-Star Abilities Imp Punt
44%
Sticker Packs Infinity Pack
44%
Trials of Gnomus Abilities Leaf Shield
44%
Plant Summons Leaf Shield Weed
44%
Citron Primaries Limer Slimer
44%
All-Star Abilities Long Bomb
44%
Multiplayer/Ops Maps Lunar Landing
44%
Rose Primaries Magic Thistles
44%
XP Ranks Master
44%
Gamemodes Mixed Mode
44%
Citron Abilities Mood Shield
44%
Zombie Bots Mr Electro
44%
Citron Abilities Peel Shield
44%
Plant Pots Perfume Shroom
44%
PylonImp Abilities Pylon Mine
44%
Sunflower Abilities Rainbow Heal Beam
44%
Sunflower Abilities Rainbow Heal Flower
44%
Chomper Abilities Rainbow Warp
44%
Current Mystery Portal Modes Rando's Rapid Revenge
44%
Cactus Abilities Red Artichoke
44%
Peashooter Primaries Six Shooter
44%
Cactus Primaries Spike Shot
44%
Chomper Abilities Spikeweed
44%
Plant Boss Hunt Bosses Spooky Squash
44%
Chomper Abilities Sprint Burrow
44%
Plant Bosses Sunflower Queen
44%
Chomper Abilities Super Sticky Goop
44%
Cactus Abilities Tallnut Battlement
44%
Plant Summons Terracotta Weed
44%
Peashooter Primaries Toxic Pea Cannon
44%
Trials of Gnomus Trials Trial of Balance
44%
Super Brainz Abilities Turbo Twister
44%
Chomper Abilities Twilight Warp
44%
All-Star Abilities Ultra Tackle
44%
Zombie Bots Uplink Bot
44%
Plant Summons Vase Weed
44%
Scientist Abilities Warp
44%
Plant Summons Weed
44%
Zombie Boss Hunt Bosses Yeti King
44%
Scientist Abilities Zombie Heal Station
44%
Rose Abilities Arcane Enigma
33%
Rose Abilities Arcane Lotus
33%
Zombie Bosses Baron Von Bats
33%
Captain Deadbeard Abilities Barrel Blast
33%
Zombie Bots Boxer Bot
33%
Super Brainz Primaries Break-Fists
33%
Gnome Boss Hunt Bosses Brothers Gnomus
33%
Zombie Summons Browncoat
33%
Zombie Summons Buckethead
33%
Corn Abilities Butter Barrage
33%
Cactus Primaries Camo Shot
33%
Captain Deadbeard Abilities Cannon Rodeo
33%
Zombie Boss Hunt Bosses Captain Smasher
33%
Citron Abilities Citron Ball
33%
Corn Primaries Cob Busters
33%
Zombie Summons Coffin Zombie
33%
Engineer Primaries Concrete Launcher
33%
Zombie Bots DJ Uplink
33%
Super Brainz Primaries Electric Fists
33%
XP Ranks Elite
33%
Scientist Primaries EMP Frazzle Launcher
33%
Zombie Bots Explody Bot
33%
All-Star Primaries Football Cannon
33%
Citron Primaries Frozen Beam
33%
Captain Deadbeard Abilities Future Parrot
33%
Current Mystery Portal Modes Get Off My Lawn-A-Thon
33%
Rose Abilities Goatify
33%
Scientist Primaries Goo Blaster
33%
Imp Abilities Gravity Grenade
33%
Super Brainz Primaries Heroic Fists
33%
Zombie Bots Hide N' Shoot Bot
33%
Plant Summons Hypno Shroom
33%
Plant Boss Hunt Bosses Hypno Sunflower Queen
33%
Imp Primaries Imp Blasters
33%
Imp Abilities Impkata
33%
Gamemodes Infinity Time
33%
Engineer Abilities Jackhammer
33%
Current Mystery Portal Modes Legends of the Brawl
33%
Captain Deadbeard Abilities Looty Booty Barrel Blast
33%
Citron Primaries Mech Breaker
33%
Scientist Abilities Mega Heal Bomb
33%
Plant Pots Monk Choy
33%
Scientist Primaries Moon Rock Launcher
33%
Zombie Bots Mr Toasty
33%
Foot Soldier Abilities Multi-Rocket
33%
Corn Abilities Multi-Shuck
33%
Zombie Summons Newspaper Zombie
33%
Zombie Summons Outhouse Zombie
33%
Captain Deadbeard Abilities Parrot Pal
33%
Citron Primaries Party Beam
33%
Imp Primaries Party Blasters
33%
Corn Primaries Party Busters
33%
Super Brainz Primaries Party Fists
33%
Captain Deadbeard Primaries Party Scattershot
33%
Rose Primaries Party Thistles
33%
Scallywag Imp Abilities Pegleg Kata
33%
Cactus Abilities Pizzazzling Potato Mine
33%
Plant Summons Porcelain Vase Weed
33%
Plant Summons Pumpkin Weed
33%
Trials of Gnomus Primaries Radical Raygun
33%
Foot Soldier Abilities Rocket Jump
33%
Foot Soldier Abilities Rocket Leap
33%
Zombie Boss Hunt Bosses Sasquatch
33%
Zombie Summons Screen Door Zombie
33%
Captain Deadbeard Primaries Scurvy Scattershot
33%
All-Star Abilities Shield Decoy
33%
Corn Abilities Shuck Shot
33%
Plant Pots Snapdragon
33%
Sunflower Abilities Solar Flare
33%
Soldier Primaries Sonar Shot
33%
Engineer Abilities Sonic Grenade
33%
XP Ranks Specialist
33%
Corn Primaries Spicy Hot Shot
33%
Citron Abilities Spin Dash
33%
All-Star Abilities Sprint Tackle
33%
Plant Bosses Squash
33%
Rose Primaries Staff of Jinxing
33%
Soldier Primaries Stenchy the Skunk
33%
Scientist Abilities Sticky Explody Ball
33%
XP Ranks Super Elite
33%
Super Brainz Abilities Super Multi Ball
33%
Peashooter Abilities Super Pea Jump
33%
Foot Soldier Abilities Super Stink Cloud
33%
Super Brainz Abilities Super Ultra Ball
33%
Rose Abilities Time Snare
33%
Super Brainz Primaries Toxic Fists
33%
Plant Pots Toxic Gloom Shroom
33%
Trials of Gnomus Trials Trial of Hot Doom
33%
Trials of Gnomus Trials Trial of Recollection
33%
Trials of Gnomus Trials Trial of Shooty Shooty
33%
Engineer Abilities Turbo Jackhammer
33%
Chomper Abilities Vampweed
33%
Plant Summons Wood Shield Weed
33%
Soldier Primaries Z-3 Crossbow
33%
Foot Soldier Abilities Zombie Stink Cloud
33%
Engineer Primaries Air Impactor
22%
Chomper Primaries Arctic Belch
22%
Corn Primaries Baby Corn Buster
22%
All-Star Primaries Baseball Cannon
22%
Imp Primaries Basilisk Blasters
22%
Engineer Abilities Bedazzling Bolt Blaster
22%
Engineer Abilities Big Bolt Blaster
22%
Corn Abilities Bigger Better Butter
22%
Scientist Abilities Bling Armored Heal Station
22%
Pylon Imp Abilities Bling Pylon Call
22%
Zombie Bots Breaker Bot
22%
Soldier Primaries Camo Suprise
22%
Sunflower Primaries Cobra Laser
22%
Scientist Primaries Code Corruptor
22%
Multiplayer/Ops Maps Colozeum
22%
Super Brainz Primaries Cosmic Fists
22%
Soldier Primaries Danger Zone
22%
Scientist Primaries Dino Blaster
22%
All-Star Primaries Dirt Devastator
22%
Legendary Abilities Disco Fever
22%
Scientist Primaries Dolphin Blaster
22%
All-Star Primaries Double Fault Assault
22%
Zombie Bots Dr Heals
22%
All-Star Abilities Dummy Shield
22%
Peashooter Primaries Electro Cannon
22%
Scientist Primaries Excavator
22%
Zombie Summons Exploding Imp
22%
Imp Abilities Explosive Escape
22%
Soldier Primaries Fire Bolt
22%
Sunflower Primaries Fire Pulse
22%
Captain Deadbeard Primaries Flem Thrower
22%
Multiplayer/Ops Maps Frosty Creek
22%
Engineer Primaries Frosty Fan
22%
Peashooter Primaries Full Auto Pea
22%
Plant Pots Fume Shroom
22%
Cactus Primaries Future Shot
22%
Cactus Primaries Gatling Needle
22%
Gnome Bosses Giga Gnome
22%
Trials of Gnomus Plant Skins Gingerbark House
22%
Super Brainz Abilities Heroic Kick
22%
All-Star Primaries Ice Puck Cannon
22%
Zombie Summons Karate Zombie
22%
Sunflower Primaries Life Leech
22%
Plant Pots Lightning Reed
22%
Plant Bosses Marigold
22%
Chomper Primaries Metal Chomp
22%
Sticker Packs Minions Booster Pack
22%
Imp Abilities Missile Madness
22%
Zombie Bots Mr Freezy
22%
Cactus Primaries Mystic Orbs
22%
Citron Primaries Orange Beam
22%
Legendary Abilities Party Time
22%
Peashooter Primaries Pea Silencer
22%
All-Star Primaries Piledriver
22%
Engineer Primaries Plunge Shot
22%
Sunflower Primaries Power Pulse
22%
Engineer Abilities Proximity Sonic Mine
22%
Rose Abilities Psychedelic Goatify
22%
Imp Primaries Pylon Punishers
22%
All-Star Primaries Rapid Fire Rugby Launcher
22%
Imp Abilities Robo Stomp
22%
Peashooter Primaries Rock Shot
22%
Plant Pots Scaredy Shroom
22%
Rose Primaries Scorching Scepter
22%
S.H.R.Imp Abilities ShrImp Jump
22%
Imp Primaries Shrimpy Lasers
22%
Trials of Gnomus Abilities Smoldering Madness
22%
Captain Deadbeard Primaries Snappy Shark
22%
Old Mystery Portal Modes Soil Survivors
22%
Chomper Abilities Spiky Spikeweed
22%
Sunflower Primaries Spore Mist
22%
All-Star Primaries Stinky Glove Launcher
22%
Trials of Gnomus Plant Skins Sugar Plum Fairy
22%
Sunflower Primaries Sun Pulse
22%
Super Brainz Abilities Super Guided Ultra Ball
22%
Chomper Primaries Swamp Spray
22%
Current Mystery Portal Modes Tactical Team Up
22%
Current Mystery Portal Modes To Heal Or Not To Heal
22%
Legendary Abilities Toxic Overload
22%
Chomper Primaries Toxic Spray
22%
Engineer Primaries Toxic Trash
22%
Rose Primaries Toxic Volley
22%
Zombie Bosses Treasure Yeti
22%
Trials of Gnomus Plant Skins Tree-X 1000
22%
Chomper Primaries Vampire Chomp
22%
Rose Primaries Wand of Freezing
22%
Trials of Gnomus Primaries Wood Chipper
22%
Legendary Abilities Yohoho Mode
22%
Imp Primaries Z-11 Suppressors
22%
Zombie Bosses Zen Sensei
22%
Zombie Bosses Zombomb
22%
Citron Abilities Assault Mode
11%
Trials of Gnomus Zombie Skins Beach Boarder
11%
Corn Primaries Corn Cracker
11%
Corn Primaries Corn Crusher
11%
Scallywag Imp Abilities Crusty Gigabomb
11%
Trials of Gnomus Abilities Damage Buff Booster Beam
11%
Sunflower Primaries Dark Energy
11%
Lil' Drake Abilities Dragon Swoop
11%
Pylon Imp Abilities Drag Race
11%
Engineer Primaries Ear-radicator
11%
Cactus Primaries Egg Blast
11%
Cactus Primaries Electric Needle
11%
Chomper Primaries Electric Spray
11%
Citron Primaries Electro Charger
11%
Trials of Gnomus Zombie Skins Festive Rider
11%
Cactus Primaries Fire Needle
11%
Chomper Primaries Fire Spray
11%
Captain Deadbeard Primaries Flame Blast
11%
All-Star Primaries Flaming Cricket Blaster
11%
Legendary Abilities Full Commando
11%
All-Star Primaries Golf Ball Cannon
11%
Sticker Packs Helpful Fun Pack
11%
Citron Abilities Hyper Ball
11%
Cactus Primaries Ice Needle
11%
Legendary Abilities Iron Mode
11%
Current Mystery Portal Modes Long Distance Relationship
11%
Imp Primaries Looty Shooties
11%
Zombie Bots Loudmouth Bot
11%
Trials of Gnomus Abilities Mega Awesome Laser
11%
Soldier Primaries Mega Cannon
11%
Sunflower Primaries Metal Blast
11%
Sunflower Primaries Mysterious Energy
11%
Engineer Primaries Paint Crossbow
11%
Sticker Packs Phenomenal Character Pack
11%
Peashooter Primaries Plasmatic Disruptor
11%
Scientist Primaries Porcupines Revenge
11%
Scientist Primaries Radiation Blaster
11%
Sunflower Primaries Rainbow Sun Burst
11%
Captain Deadbeard Primaries Scattercannon
11%
Cactus Primaries Shatter Shot
11%
Trials of Gnomus Abilities Tubular Turbo
11%
Engineer Primaries Volt-O-Blaster
11%
S.H.R.Imp Abilities Water Cyclone
11%
Engineer Primaries Weed Buster
11%
Engineer Primaries Welding Blaster
11%
Trials of Gnomus Zombie Skins Wishmaker
11%
Sticker Packs Wondrous Pack of Greatness
11%
Z7 Imp Abilities Zomni-Blade
11%
Z7 Imp Abilities Biotic Pull
0%
Scientist Primaries Breaker Blaster
0%
Legendary Abilities Crunch Mode
0%
Sticker Packs Extraordinary Pack
0%
Lil' Drake Abilities Wing Flap
0%
No matching quizzes found
Score Distribution
Percent of People with Each Score
Percentile by Number Answered
Your Score History
You have not taken this quiz since the last reset